Yo, Moctezuma, emperador de los aztecas / (Record no. 11304)

MARC details
000 -LEADER
campo de control de longitud fija 00935nam a22003015i 4500
001 - NÚMERO DE CONTROL
campo de control 11304
003 - IDENTIFICADOR DE NÚMERO DE CONTROL
campo de control ES-MaACL
005 - FECHA Y HORA DE LA ÚLTIMA TRANSACCIÓN
campo de control 20250611063058.0
007 - CAMPO FIJO DE DESCRIPCIÓN FÍSICA--INFORMACIÓN GENERAL
campo de control de longitud fija t|
008 - DATOS DE LONGITUD FIJA--INFORMACIÓN GENERAL
campo de control de longitud fija 950426s1995 sp ||||0| spa j
020 ## - NÚMERO INTERNACIONAL ESTÁNDAR DEL LIBRO
Número Internacional Estándar del Libro 84-08-01251-7
040 ## - FUENTE DE CATALOGACIÓN
Centro catalogador/agencia de origen M-BN
Lengua de catalogación spa
Centro/agencia transcriptor M-BN
080 ## - NÚMERO DE LA CLASIFICACIÓN DECIMAL UNIVERSAL
Número de la Clasificación Decimal Universal 929 Moctezuma (72) II
100 1# - ENTRADA PRINCIPAL--NOMBRE DE PERSONA
Nombre de persona Thomas, Hugh,
Fechas asociadas al nombre 1931-2017
9 (RLIN) 110019
245 10 - MENCIÓN DEL TÍTULO
Título Yo, Moctezuma, emperador de los aztecas /
Mención de responsabilidad, etc. Hugh Thomas ; traducción, C. Boune.
250 ## - MENCION DE EDICION
Mención de edición 1ª ed.
260 ## - PUBLICACIÓN, DISTRIBUCIÓN, ETC.
Lugar de publicación, distribución, etc. Barcelona :
Nombre del editor, distribuidor, etc. Planeta,
Fecha de publicación, distribución, etc. 1995.
300 ## - DESCRIPCIÓN FÍSICA
Extensión 303 p., [8] p. de lám ;
Dimensiones 21 cm.
490 1# - MENCIÓN DE SERIE
Mención de serie Memoria de la historia ;
Designación de volumen o secuencia 100
500 ## - NOTA GENERAL
Nota general Indice.
500 ## - NOTA GENERAL
Nota general Traducción de: I Montezuma.
600 14 - PUNTO DE ACCESO ADICIONAL DE MATERIA--NOMBRE DE PERSONA
Nombre de persona Moctezuma II
Títulos y otros términos asociados al nombre Emperador de México.
9 (RLIN) 81746
700 1# - ENTRADA AGREGADA--NOMBRE PERSONAL
Nombre de persona Boune, C.
9 (RLIN) 30935
830 0# - PUNTO DE ACCESO ADICIONAL DE SERIE-TÍTULO UNIFORME
Título uniforme Memoria de la historia ;
Designación de volumen o secuencia 100
9 (RLIN) 179012
852 ## - LOCALIZACIÓN
Ubicación ES-MaACL
Número de control de estantería L-18551
Sublocalización o colección R.124733
Holdings
Estatus retirado Estado de pérdida Estado de daño No para préstamo Biblioteca de origen Biblioteca actual Ubicación en estantería Fecha de adquisición Fuente de adquisición Total de préstamos Signatura topográfica completa Código de barras Visto por última vez Precio de reemplazo Tipo de ítem Koha
        Biblioteca del Ateneo de Madrid Biblioteca del Ateneo de Madrid Depósito 2 17/01/2008     L-18551 1011527 23/02/2023 23/02/2023 Libro impreso